Responses for Show #7043 - Wednesday, April 8, 2015

Kerry Greene game 6.

Contestants

[<< previous game]

Kaya Chua, a technology consultant from Chula Vista, California

Travis Miscia, an attorney from Jersey City, New Jersey

Kerry Greene, a volunteer guardian ad litem from Manchester, New Hampshire (whose 5-day cash winnings total $126,598)

[next game >>]

Jeopardy! Round responses

1995 BESTSELLERS
ZERO TO SIXTY
(Alex: Hey, we're movin'.)
TV SHOWS PAST & PRESENT
STARTS WITH DOUBLE LETTERS
(Alex: Each correct response.)
ANOTHER FIN MESS
(Alex: And we want you to unscramble the fish name in [*], not "fine".)
YOU'VE GOTTEN ME INTO...
    $200 18
(John) Grisham

Travis
    $200 29
[The end-of-round signal sounds.]

the "Bug" (or the Beetle)

Travis
    $200 1
House

Kerry
    $200 12
Aaron

Kaya
    $200 28
Dungeons & Dragons

Kaya
    $400 17
Colin Powell

Kerry
    $400 19
Mercedes

Kaya
    $400 2
SpongeBob SquarePants

Travis
    $400 21
the aardwolf

Kaya
    $400 27
mackerel

Kerry
    $400 15
Labor

Kaya
    $3,800 9
The Lost World

Kaya
    $600 11
Chevrolet

Kerry
    $600 3
24

Kaya
    $600 20
eerie

Kerry
    $600 13
barracuda

Kaya
    $600 14
New York

Kerry
    $800 4
(Kerry: What is the Bible?)

The Celestine Prophecy

Kerry
Triple Stumper
    $800 5
Jeep

Kaya
    $800 8
Monk

Kaya
    $800 7
a llama

Kaya
    $800 10
(Travis: [Shakes head] No. Sorry.)
(Alex: Oh, nothing's coming to you?)

flounder

TravisKaya
    $800 6
Berkshire Hathaway

Kaya
    $1000 16
Mary Higgins Clark

Travis
    $1000 22
the Land Cruiser

Triple Stumper
    $1000 23
(Alex: Good, with a minute to go.)

Battlestar Galactica

Kerry
    $1000 24
Lloyd

Kerry
    $1000 26
amberjack

Kaya
    $1000 25
Annie Get Your Gun

Kaya

Scores at the first commercial break (after clue 15):

Kerry Travis Kaya
$600 -$400 $9,600

Scores at the end of the Jeopardy! Round:

Kerry Travis Kaya
$4,000 $1,000 $12,600

Double Jeopardy! Round responses

PARABLES OF JESUS
ALL YOU NEED IS "LOVE"
NBA TEAM NAMES EN ESPAÑOL
WORLD HISTORY
FAMILY MATTERS
4-LETTER U.S. CITIES
    $400 23
sheep

Kaya
    $400 27
love handles

Kaya
    $400 30
the (Chicago) Bulls

Kaya
    $400 1
(Mahatma) Gandhi

Kaya
    $400 21
Grandparents Day

Kerry
    $400 29
Reno

Kerry
    $800 22
sand

Kerry
    $800 16
a love seat

Kaya
    $800 28
the (Miami) Heat

Kaya
    $800 4
Trafalgar

Triple Stumper
    $800 20
nepotism

Kerry
    $800 9
Mesa

Kaya
    $1200 15
the Prodigal Son

Kerry
    $1200 13
Love Field

Kaya
    $12,000 25
(Kaya: [Mouths the clue] What are the... [Shakes head])
[Beep]
(Kaya: [Whispers] Nuggets, Nuggets.)
(Alex: Sorry. "What are [*]?" [*]. Less than a minute now.)

the Denver Nuggets

Kaya
    $2,000 3
Mata Hari

Travis
    $1200 14
sister wife

Kaya
    $1200 7
Troy

Kerry
    $1600 10
(Kaya: What is the... Date Tree?)

the Fig Tree

Kaya
Triple Stumper
    $1600 12
Love Canal

Travis
    $1600 24
(Kaya: ...Who are the Kings?)

the Cleveland Cavaliers

Kaya
Triple Stumper
    $1600 2
Cosimo

Travis
    $1600 11
clans

Kaya
    $1600 6
Bend

Kerry
    $2000 19
Pharisee

Travis
    $2000 18
(H.P.) Lovecraft

Kaya
    $2000 26
(Travis: Who are the Suns?)

the (Sacramento) Kings

KerryTravis
    $2000 5
the Niger

Kaya
    $2000 17
uncle

Kerry
    $2000 8
(Travis: What is Oren?)

Orem

KerryTravis

Scores at the end of the Double Jeopardy! Round:

Kerry Travis Kaya
$16,400 $4,200 $9,400

[wagering suggestions for these scores]

Final Jeopardy! Round responses

SHAKESPEARE'S CHARACTERS
(Alex: Two little princes that the lead character has murdered.)
TravisWhat is King Lear
$4,199
KayaWhat is Macbeth?
$9,400
KerryWhat is Richard III?
$3,600
Richard III

Final scores:

Kerry Travis Kaya
$20,000 $1 $0
6-day champion: $146,598 2nd place: $2,000 3rd place: $1,000

Game dynamics:

Coryat scores:

Kerry Travis Kaya
$16,400 $3,400 $18,200
18 R,
1 W
8 R
(including 1 DD),
3 W
27 R
(including 1 DD),
3 W
(including 1 DD)

Combined Coryat: $38,000

[game clues] [game scores] [suggest correction]

Game tape date: Unknown
The J! Archive is created by fans, for fans. Scraping, republication, monetization, and malicious use prohibited; this site may use cookies and collect identifying information. See terms. The Jeopardy! game show and all elements thereof, including but not limited to copyright and trademark thereto, are the property of Jeopardy Productions, Inc. and are protected under law. This website is not affiliated with, sponsored by, or operated by Jeopardy Productions, Inc. Join the discussion at JBoard.tv.